Normal view MARC view
  • Shah, Shreeraj

Entry Personal Name

Number of records used in: 1

001 - CONTROL NUMBER

  • control field: 121867

003 - CONTROL NUMBER IDENTIFIER

  • control field: NUST

005 - DATE AND TIME OF LATEST TRANSACTION

  • control field: 20240306082751.0

008 - FIXED-LENGTH DATA ELEMENTS

  • fixed length control field: 240306|| aca||aabn | a|a d

040 ## - CATALOGING SOURCE

  • Original cataloging agency: NUST
  • Transcribing agency: NUST

100 ## - HEADING--PERSONAL NAME

  • Personal name: Shah, Shreeraj

670 ## - SOURCE DATA FOUND

  • Source citation: Work cat.: (NUST)179109: McClure, Stuart., Web hacking :, c2003.
© 2023 Central Library, National University of Sciences and Technology. All Rights Reserved.